000 02525nam0a2200457 4500
001 RU\NLR\bibl\1869384
005 20260406011732.0
010 _a978-5-91961-053-3
_9200
021 _aRU
_b2012-2711
_9196
035 _a(nilc)RSL-KNO-005383579
035 _a(NLR Aleph) 001859236
090 _a2508352
_c2508352
100 _a20120206d2011 |||y0rusy50 ca
101 0 _arus
102 _aRU
105 _aa |||||||||
200 1 _aГеостатистика в промыслово-геологических исследованиях
_dGeostatistics for geological explorations
_eучебник для студентов высших учебных заведений, обучающихся по направлению подготовки магистров 131000 "Нефтегазовое дело"
_fИ.С. Гутман, И.Ю. Балабан
_zeng
210 _aМосква
_cиздательский центр РГУ нефти и газа
_d2011
215 _a154, [1] с.
_cил., цв. ил., портр.
_d21
225 1 _aУчебник
300 _aАвт. также на англ. яз.: I.S. Gutman, I.J. Balaban
300 _aВ конце кн. авт.: Гутман И.С., проф., акад., засл. геолог РФ, Балабан И.Ю., доц.
320 _aБиблиогр.: с. 151 (16 назв.)
510 0 _6z20790
_aGeostatistics for geological explorations
_zeng
606 1 _aНефтегазопромысловая геология
_jУчебники для высших учебных заведений
_xГеостатистические методы
_92124716
_3RU\NLR\auth\661586339
686 _aД453.1с18я73-1
_2rubbk
686 _aД454.1-55в647.1
686 _aИ361-11с22я73-1
686 _aИ362-11с22я73-1
700 1 _4070
_7ca
_8rus
_aГутман
_bИ. С.
_f1933-
_gИгорь Соломонович
_9100140
_3RU\NLR\auth\77117215
701 1 _4070
_7ca
_8rus
_aБалабан
_bИ. Ю.
_cканд. физ.-мат. наук
_f1968-
_gИван Юрьевич
_9100142
_3RU\NLR\auth\77117217
790 1 _4070
_7ba
_8rus
_aGutman
_bI. S.
_f1933-
_gIgor' Solomonovič
_9100141
_3RU\NLR\auth\77117216
790 1 _4070
_7ba
_8rus
_aBalaban
_bI. Ju.
_cканд. физ.-мат. наук
_f1968-
_gIvan Jur'evič
_9100146
_3RU\NLR\auth\77117221
801 0 _aRU
_bRuMoRKP
_c20120206
_grcr
801 1 _aRU
_bРГБ
_c20120206
801 2 _aRU
_bNLR
_c20120214
_grcr
830 _aАвт. по кн.
942 _cBOOK
980 _aNB
980 _aNBR